Państwa, których nazwa ma 5 liter - Statystyki

Ogólne statystyki
  • Ten quiz został rozwiązany 82 razy
  • Średni wynik to 23 z 29
Statystyki odpowiedzi
Hint Odpowiedź % Poprawnych
Europa Litwa
93%
Europa Łotwa
93%
Europa Dania
91%
Afryka Egipt
90%
Ameryka Płd. Chile
88%
Azja Jemen
86%
Oceania Fidżi
83%
Afryka Libia
83%
Europa Rosja
83%
Europa Malta
81%
Oceania Tonga
81%
Afryka Benin
79%
Azja Chiny
79%
Azja Liban
79%
Afryka Niger
79%
Oceania Palau
79%
Ameryka Płn. Haiti
78%
Azja Indie
78%
Oceania Samoa
78%
Afryka Sudan
78%
Europa Węgry
78%
Afryka Gabon
76%
Azja Katar
76%
Afryka Kongo
76%
Oceania Nauru
74%
Azja Nepal
72%
Afryka Ghana
71%
Afryka Kenia
66%
Azja Syria
62%
Nie znaleziono quizów pasujących do podanych kryteriów
Rozkład punktacji
Procent ludzi z każdym wynikiem
Percentyl według liczby udzielonych odpowiedzi
Twoja historia wyników
Nie rozwiązałeś tego quizu